01010nam a2200229Ia 4500003000900000008004100009020001800050040001600068080002300084111011300107245028400220260003700504300001700541490005100558650004100609650001700650650001900667650002200686700003000708700002000738700002200758IN-BaIIA211028s9999 xx 000 0 eng d a0-7923-0769-0 cIIA Library a52(082.1)bASS-162 aWorkshop on Physical Processes in Fragmentation and Star FormationcMonteporzio Catone, Romed1989 June 5-11 0aPhysical processes in fragmentation and star formationbproceedings of the workshop on physical processes in fragmentation and star formation, Monteporzio Catone, Rome, 5-11 Jun 1989cedited byR. Capuzzo-Dolcetta, C. Chiosi and A. Di Fazio  aDordrechtbKluwer Academicc1990 axviii, 469p. aAstrophysics and space science library; v. 162 aAstronomy and astrophysics thesaurus aAstrophysics aStar formation aStellar evolution aCapuzzo-Dolcetta, R., ed. aChiosi, C., ed. aDi Fazio, A., ed.